Mot mystérieux - Série 22 - Statistiques

Statistiques générales
  • Ce quiz a été pris 177 fois
  • Le résultat moyen est 5 sur 10
Statistiques - réponses
Indices Mot % Correct
Requin - Parapluie - Moby Dick - Baleine
85%
Séjour - Habitation - Hors - TTC Taxe
74%
Angle - Clic - Logement - Ainesse Droit
59%
Corps - Vauvert - Beauté - Pacte Diable
51%
Grenier - Vin - Rat - Niais Cave
50%
Balai - Cheval - pie - Tamponneuse Voiture
49%
Coupe - Loup - Grève - Mourir Faim
48%
Minuit - Basse - Noire - Mariage Messe
42%
Pied - Chasse - Ballet - Cri Cor
32%
Chaleur - Profit - Eau - Couler Source
16%
Aucun quiz correspondant
Distribution des résultats
% des personnes avec chaque résultat
Percentile par nombre de réponses
Votre historique - résultats
Vous n’avez pas pris ce quiz